Chicken soup for the soul : (Record no. 36665)

MARC details
000 -LEADER
fixed length control field 00963nam a22002657a 4500
005 - DATE AND TIME OF LATEST TRANSACTION
control field 20100610112845.0
008 - FIXED-LENGTH DATA ELEMENTS--GENERAL INFORMATION
fixed length control field 100610t xxu||||| |||| 00| 0 eng d
010 ## - LCCN (DPL NO)
LC control number ENG-96330
020 ## - INTERNATIONAL STANDARD BOOK NUMBER
International Standard Book Number 9789380283999
Terms of availability 295.00
035 ## - SYSTEM CONTROL NUMBER
System control number EN-79863
037 ## - SOURCE OF ACQUISITION
Source of stock number/acquisition DBAD/PUB
040 ## - CATALOGING SOURCE
Original cataloging agency DPL
Language of cataloging Eng
082 ## - DEWEY DECIMAL CLASSIFICATION NUMBER
Classification number S
100 ## - MAIN ENTRY--PERSONAL NAME
Personal name Canfield, Jack
245 ## - TITLE STATEMENT
Title Chicken soup for the soul :
Remainder of title the wisdom of dads : loving stories about fathers and being a father /
Statement of responsibility, etc by Jack Canfield, Mark Victor Hansen [and] Amy Newmark
260 ## - PUBLICATION, DISTRIBUTION, ETC. (IMPRINT)
Place of publication, distribution, etc New Delhi
Date of publication, distribution, etc 2009
Name of publisher, distributor, etc westland
270 ## - ADDRESS
Address 47, Brij Mohan Road, Daryaganj
City New Delhi
Postal code 110002
300 ## - PHYSICAL DESCRIPTION
Extent xii, 365p. :
Dimensions 22 cm. (Pbk)
Other physical details ill.
700 ## - ADDED ENTRY--PERSONAL NAME
Personal name Hansen, Mark Victor
9 (RLIN) 865
700 ## - ADDED ENTRY--PERSONAL NAME
Personal name Newmark, Amy
9 (RLIN) 1026
700 ## - ADDED ENTRY--PERSONAL NAME
Personal name Newmark, Amy
9 (RLIN) 1026
700 ## - ADDED ENTRY--PERSONAL NAME
Personal name Bharadia, Raksha
9 (RLIN) 21740
942 ## - ADDED ENTRY ELEMENTS (KOHA)
Source of classification or shelving scheme Dewey Decimal Classification
Item type English Books
Call number suffix CAN
Classification part S
Holdings
Withdrawn status Lost status Source of classification or shelving scheme Damaged status Not for loan Collection code Home library Current library Date acquired Source of acquisition Cost, normal purchase price Total Checkouts Full call number Barcode Date last seen Copy number Cost, replacement price Koha item type
    Dewey Decimal Classification   Not For Loan Non-fiction D.B.Act.Division D.B.Act.Division 12/05/2010 DBAD/PUB 295.00   CAN EN-79863 10/06/2010 1 295.00 English Books

© Delhi Public Library
Hit Counter
free hit counter